[Event "BL 0910 SV Mülheim Nord - Werder Bremen"]
[Site "?"]
[Date "2010.03.20"]
[Round "12.3"]
[White "Eljanov, Pavel"]
[Black "Tregubov, Pavel V"]
[Result "1/2-1/2"]
[WhiteElo "2717"]
[BlackElo "2649"]
[PlyCount "77"]
[EventDate "2010.??.??"]

1. d4 Nf6 2. c4 c5 3. d5 b5 4. cxb5 a6 5. bxa6 g6 6. Nc3 Bxa6 7. e4 Bxf1 8.
Kxf1 d6 9. Nf3 Nbd7 10. g3 Bg7 11. h3 O-O 12. Kg2 Ra6 13. Re1 Qa8 14. Qc2 Nb6
15. Re2 Rb8 16. Rb1 Nfd7 17. b3 Rc8 18. Bb2 Ne5 19. Nxe5 Bxe5 20. h4 h5 21. Rf1
Bg7 22. f4 c4 23. b4 Na4 24. Nxa4 Rxa4 25. Bxg7 Kxg7 26. Rf3 f6 27. Qb2 Qa6 28.
Rc2 Ra8 29. a3 Rxa3 30. b5 Qa4 31. Rxa3 Qxa3 32. Qxa3 Rxa3 33. Rxc4 Rb3 34. Rc7
Kf7 35. Rb7 Re3 36. b6 Rxe4 37. Rc7 Rb4 38. b7 f5 39. Kf2 1/2-1/2

[Event "BL 0910 SV Mülheim Nord - Werder Bremen"]
[Site "?"]
[Date "2010.03.20"]
[Round "12.4"]
[White "Landa, Konstantin"]
[Black "Efimenko, Zahar"]
[Result "1/2-1/2"]
[WhiteElo "2655"]
[BlackElo "2654"]
[PlyCount "82"]
[EventDate "2010.??.??"]

1. Nf3 Nf6 2. d4 d5 3. c4 e6 4. Nc3 Bb4 5. cxd5 exd5 6. Bg5 Nbd7 7. e3 c5 8.
Qc2 Qa5 9. Bd3 c4 10. Bf5 O-O 11. O-O Re8 12. Nd2 g6 13. Bxd7 Nxd7 14. e4 Bxc3
15. Qxc3 Qxc3 16. bxc3 f6 17. Bh4 g5 18. Bg3 Nb6 19. f4 g4 20. f5 dxe4 21. Rf4
h5 22. Nxe4 Nd5 23. Re1 Kg7 24. Rff1 b5 25. Bd6 Bd7 26. h4 a5 27. a3 Bc6 28.
Bc5 Rab8 29. g3 b4 30. cxb4 axb4 31. axb4 Nxb4 32. Nc3 Nd5 33. Rxe8 Rxe8 34.
Nxd5 Bxd5 35. Kf2 Rb8 36. Re1 Rb2+ 37. Re2 c3 38. Ba3 Rb3 39. Re7+ Bf7 40. Bc1
Rb1 41. Bf4 Rb2+ 1/2-1/2

[Event "BL 0910 SV Mülheim Nord - Werder Bremen"]
[Site "?"]
[Date "2010.03.20"]
[Round "12.5"]
[White "Fressinet, Laurent"]
[Black "Fridman, Daniel"]
[Result "1/2-1/2"]
[WhiteElo "2658"]
[BlackElo "2661"]
[PlyCount "79"]
[EventDate "2010.??.??"]

1. d4 d5 2. c4 e6 3. Nc3 Be7 4. cxd5 exd5 5. Bf4 Nf6 6. e3 O-O 7. Bd3 c5 8.
Nge2 Nc6 9. O-O Be6 10. dxc5 Bxc5 11. Rc1 Bd6 12. Nb5 Bxf4 13. Nxf4 Bg4 14. Qd2
a6 15. Nd4 Nxd4 16. exd4 Qd6 17. Rfe1 Rfe8 18. f3 Bd7 19. g4 h6 20. h4 Rxe1+
21. Rxe1 Re8 22. Rxe8+ Nxe8 23. Qe3 Bc6 24. Qe5 Kf8 25. g5 hxg5 26. hxg5 a5 27.
a3 f6 28. Qe3 Nc7 29. Ng6+ Kf7 30. gxf6 gxf6 31. Kg2 Bb5 32. Bf5 Bd7 33. Bd3
Bb5 34. Bb1 Qe6 35. Kf2 Qxe3+ 36. Kxe3 Ke6 37. Nf4+ Kd6 38. Nh5 Ke7 39. Bf5 Be8
40. Nf4 1/2-1/2

[Event "BL 0910 SV Mülheim Nord - Werder Bremen"]
[Site "?"]
[Date "2010.03.20"]
[Round "12.6"]
[White "Potkin, Vladimir"]
[Black "Areshchenko, Alexander"]
[Result "1-0"]
[WhiteElo "2606"]
[BlackElo "2667"]
[PlyCount "123"]
[EventDate "2010.??.??"]

1. d4 Nf6 2. c4 g6 3. g3 d5 4. cxd5 Nxd5 5. Bg2 Bg7 6. Nf3 Nb6 7. Nc3 Nc6 8. e3
O-O 9. O-O Re8 10. Re1 a5 11. Qe2 e5 12. Nxe5 Nxe5 13. dxe5 Bxe5 14. e4 Bd7 15.
f4 Bxc3 16. bxc3 Bc6 17. Bb2 Qd6 18. c4 Qc5+ 19. Kh1 Qxc4 20. Qe3 f5 21. Rac1
Rxe4 22. Bxe4 Qxe4+ 23. Qxe4 Bxe4+ 24. Kg1 Nd5 25. Be5 c6 26. a3 Kf7 27. Kf2
Ke6 28. g4 Ra6 29. g5 Rb6 30. Rg1 Rb3 31. Rg3 Rxg3 32. hxg3 Kd7 33. Ke2 b6 34.
Kd2 c5 35. a4 Nb4 36. Rd1 Kc6 37. Kc3 Nd5+ 38. Kb2 b5 39. axb5+ Kxb5 40. Ka3 a4
41. Rd2 Nb4 42. Rh2 Nc2+ 43. Ka2 a3 44. Rxh7 Bd5+ 45. Kb1 Nb4 46. Ba1 Be4+ 47.
Kc1 Na2+ 48. Kd2 Kb4 49. Rh8 Bf3 50. Rg8 c4 51. Rb8+ Kc5 52. Bg7 Bd5 53. Rd8
Be4 54. Rc8+ Kb4 55. Rb8+ Kc5 56. Bf8+ Kd5 57. Rb5+ Ke6 58. Bxa3 c3+ 59. Ke3
Kd7 60. Rb6 Bc6 61. Rb8 Bd5 62. Rf8 1-0

[Event "BL 0910 SV Mülheim Nord - Werder Bremen"]
[Site "?"]
[Date "2010.03.20"]
[Round "12.7"]
[White "Hracek, Zbynek"]
[Black "Golod, Vitali"]
[Result "1-0"]
[WhiteElo "2606"]
[BlackElo "2602"]
[PlyCount "143"]
[EventDate "2010.??.??"]

1. e4 e5 2. Nf3 Nc6 3. Bb5 a6 4. Ba4 Nf6 5. d3 d6 6. c3 g6 7. Nbd2 Bg7 8. Nf1
O-O 9. Bg5 Qe8 10. Ng3 Bd7 11. Qd2 Nd8 12. Bxd7 Nxd7 13. h4 f6 14. Bh6 Bxh6 15.
Qxh6 Ne6 16. d4 Qf7 17. O-O-O Nf4 18. h5 g5 19. Nf5 Kh8 20. g3 Ne6 21. Qg6 Rae8
22. d5 Ng7 23. Qxf7 Rxf7 24. Nh6 Rff8 25. g4 a5 26. Kc2 Ra8 27. Nd2 Ra6 28. c4
Rfa8 29. Nb1 Ne8 30. Nc3 Nc5 31. Rhe1 Kg7 32. Nf5+ Kf8 33. b3 Ng7 34. Ne3 Ke7
35. h6 Ne8 36. Nf5+ Kd8 37. Re3 Rb6 38. Nb5 Rc8 39. a3 Ra6 40. b4 Nd7 41. Kb3
b6 42. Ng7 Ke7 43. Nf5+ Kd8 44. Rf3 Raa8 45. Rh1 Ra6 46. Rc1 Raa8 47. Rb1 Ra6
48. Rc3 Raa8 49. Kc2 Ra6 50. Kd3 Raa8 51. Kd2 Ra6 52. Kc2 Raa8 53. Ng3 Ra6 54.
Nf5 Raa8 55. Kb2 Ra6 56. Rcc1 Raa8 57. Ra1 Ra6 58. Nc3 Rca8 59. Ne2 Nf8 60.
Neg3 Ng6 61. Nh5 Nf4 62. Nxf4 exf4 63. f3 Kd7 64. Nd4 Ke7 65. bxa5 Rxa5 66.
Nc6+ Kd7 67. Nxa5 Rxa5 68. Rd1 Kc8 69. a4 Kb7 70. Kc3 Rc5 71. Rdb1 c6 72. a5
1-0

[Event "BL 0910 SG Turm Trier - Bayern München"]
[Site "?"]
[Date "2010.03.21"]
[Round "13.6"]
[White "Erdoes, Viktor"]
[Black "Meissner, Bernd"]
[Result "1/2-1/2"]
[WhiteElo "2591"]
[BlackElo "2410"]
[PlyCount "92"]
[EventDate "2010.??.??"]

1. d4 Nf6 2. c4 c5 3. d5 e6 4. Nc3 exd5 5. cxd5 d6 6. e4 g6 7. Bd3 Bg7 8. h3
O-O 9. Bg5 Re8 10. Nf3 c4 11. Bc2 Qb6 12. O-O Qxb2 13. Bd2 Qb6 14. Rb1 Qd8 15.
Re1 a6 16. a4 Nbd7 17. Rb4 Nh5 18. Rxc4 Ne5 19. Rb4 Rb8 20. Nh2 Bd7 21. g4 a5
22. Rb3 Nf6 23. f4 Nc4 24. Bc1 h6 25. Kg2 Nh7 26. Nb5 Rc8 27. Bd3 Bxb5 28. Rxb5
Re7 29. Qb3 Rec7 30. Rxb7 Rxb7 31. Qxb7 Nb2 32. Qb3 Nxd3 33. Qxd3 Rc3 34. Qe2
Qh4 35. Be3 Rb3 36. Nf3 Qe7 37. e5 dxe5 38. fxe5 Qd7 39. Rd1 Qxa4 40. Bf2 Rb2
41. Qxb2 Qxd1 42. Qb5 Ng5 43. Nxg5 hxg5 44. e6 fxe6 45. dxe6 Qd8 46. Qd7 Bf6
1/2-1/2

[Event "BL 0910 SC Remagen - SK König Tegel"]
[Site "?"]
[Date "2010.03.21"]
[Round "13.2"]
[White "Parligras, Mircea"]
[Black "Stern, Rene"]
[Result "1/2-1/2"]
[WhiteElo "2547"]
[BlackElo "2501"]
[PlyCount "64"]
[EventDate "2010.??.??"]

1. e4 e5 2. Nf3 Nc6 3. Bb5 a6 4. Ba4 Nf6 5. O-O Be7 6. Re1 b5 7. Bb3 d6 8. c3
O-O 9. h3 Nb8 10. d4 Nbd7 11. Nbd2 Bb7 12. Bc2 c5 13. a4 cxd4 14. cxd4 exd4 15.
axb5 axb5 16. Rxa8 Bxa8 17. Nxd4 Qb6 18. Nf1 Re8 19. Nf5 Bf8 20. N1g3 d5 21.
exd5 Rxe1+ 22. Qxe1 Qc5 23. Bd3 Qxd5 24. Bf1 Ne5 25. Bg5 Ne4 26. Nxe4 Qxe4 27.
Qxe4 Bxe4 28. Ne7+ Kh8 29. Nc8 Nd3 30. Be7 Bxe7 31. Nxe7 Nxb2 32. Bxb5 g6
1/2-1/2

[Event "BL 0910 Erfurter SK - Schachfr. Berlin"]
[Site "?"]
[Date "2010.04.10"]
[Round "14.2"]
[White "Kuczynski, Robert"]
[Black "Lauber, Arnd"]
[Result "1-0"]
[WhiteElo "2505"]
[BlackElo "2517"]
[PlyCount "117"]
[EventDate "2010.??.??"]

1. e4 c6 2. d4 d5 3. Nd2 dxe4 4. Nxe4 Bf5 5. Ng3 Bg6 6. N1e2 Nf6 7. Nf4 Nbd7 8.
c3 Qc7 9. h4 e5 10. dxe5 Qxe5+ 11. Qe2 Bc5 12. Nxg6 hxg6 13. Bf4 Qxe2+ 14. Bxe2
O-O-O 15. Rd1 Rde8 16. Kf1 Ne4 17. Nxe4 Rxe4 18. g3 Ree8 19. Bg4 f5 20. Bf3 Ne5
21. Kg2 Nxf3 22. Kxf3 Re6 23. Rd2 Rd8 24. Rxd8+ Kxd8 25. h5 Ke7 26. b4 Bd6 27.
hxg6 Bxf4 28. Kxf4 Kf6 29. Kf3 Re4 30. Rd1 Rc4 31. Rd3 Kxg6 32. Ke2 Kf6 33. f3
a5 34. a3 a4 35. Kd2 b5 36. Rd7 g5 37. Kd3 Ke5 38. Re7+ Kf6 39. Rd7 Ke5 40. Rd8
f4 41. g4 Ke6 42. Rd4 Rxd4+ 43. Kxd4 Kd6 44. c4 bxc4 45. Kxc4 Kd7 46. Kc5 Kc7
47. b5 cxb5 48. Kxb5 Kd6 49. Kxa4 Kc5 50. Kb3 Kd4 51. a4 Ke3 52. a5 Kxf3 53. a6
Ke2 54. a7 f3 55. a8=Q f2 56. Qa6+ Ke1 57. Qa5+ Kd1 58. Qd5+ Ke1 59. Qxg5 1-0

[Event "BL 0910 Erfurter SK - Schachfr. Berlin"]
[Site "?"]
[Date "2010.04.10"]
[Round "14.3"]
[White "Polzin, Rainer"]
[Black "Casper, Thomas"]
[Result "1/2-1/2"]
[WhiteElo "2491"]
[BlackElo "2395"]
[PlyCount "53"]
[EventDate "2010.??.??"]

1. e4 e6 2. d4 d5 3. Nc3 Bb4 4. exd5 exd5 5. Bd3 Nc6 6. a3 Bxc3+ 7. bxc3 Nf6 8.
Ne2 O-O 9. O-O Na5 10. Ng3 Re8 11. Bf4 Nc4 12. Qc1 a5 13. Re1 Rxe1+ 14. Qxe1
Ra6 15. Bg5 h6 16. Bxf6 Rxf6 17. Bxc4 dxc4 18. Qe2 Be6 19. Qe5 Rg6 20. Nf1 Rg5
21. Qe2 Qd6 22. Ne3 b5 23. Qf3 c6 24. h4 Rg6 25. g3 Rf6 26. Qe2 Bd5 27. Qg4
1/2-1/2

[Event "BL 0910 Erfurter SK - Schachfr. Berlin"]
[Site "?"]
[Date "2010.04.10"]
[Round "14.4"]
[White "Enders, Peter"]
[Black "Kraemer, Martin"]
[Result "0-1"]
[WhiteElo "2467"]
[BlackElo "2482"]
[PlyCount "56"]
[EventDate "2010.??.??"]

1. e4 c5 2. Nf3 Nc6 3. d4 cxd4 4. Nxd4 Nf6 5. Nc3 d6 6. Bc4 e6 7. Be3 Be7 8.
Bb3 a6 9. O-O O-O 10. f4 Na5 11. f5 Nxb3 12. axb3 Bd7 13. Qf3 b5 14. Rfd1 Qc8
15. Rd2 b4 16. Na4 Rb8 17. Bg5 Re8 18. fxe6 fxe6 19. Bh4 Rf8 20. Bg3 g6 21. Qe3
e5 22. Nf3 Bc6 23. Bh4 Qb7 24. Ng5 Ng4 25. Qe1 Qa7+ 26. Kh1 Bxg5 27. Bxg5 Nf2+
28. Kg1 Nh3+ 0-1

[Event "BL 0910 Erfurter SK - Schachfr. Berlin"]
[Site "?"]
[Date "2010.04.10"]
[Round "14.5"]
[White "Schneider, Ilja"]
[Black "Voekler, Bernd"]
[Result "1/2-1/2"]
[WhiteElo "2500"]
[BlackElo "2393"]
[PlyCount "83"]
[EventDate "2010.??.??"]

1. e4 c5 2. c3 d5 3. exd5 Qxd5 4. Nf3 Nf6 5. Na3 Bg4 6. Be2 Nc6 7. O-O e6 8. h3
Bh5 9. d4 cxd4 10. Nb5 Qd8 11. Nfxd4 Bxe2 12. Qxe2 Nxd4 13. Nxd4 a6 14. Rd1 Qc7
15. Bg5 Be7 16. Rd3 O-O 17. Rad1 Rfe8 18. b3 b5 19. Nf3 Nd5 20. Bxe7 Rxe7 21.
Qe5 Qxe5 22. Nxe5 f6 23. c4 Nb4 24. Rd8+ Re8 25. Rxe8+ Rxe8 26. a3 Nc2 27. Nc6
bxc4 28. bxc4 Nxa3 29. c5 Nb5 30. Rd7 Kf8 31. Na7 Nxa7 32. Rxa7 Rc8 33. Rxa6 e5
34. Ra5 Rc7 35. f4 exf4 36. Kf2 Ke7 37. Kf3 Ke6 38. Ke4 g5 39. Ra6+ Ke7 40. Ra5
Ke6 41. Ra6+ Ke7 42. Ra5 1/2-1/2

[Event "BL 0910 Erfurter SK - Schachfr. Berlin"]
[Site "?"]
[Date "2010.04.10"]
[Round "14.6"]
[White "Schoene, Maria"]
[Black "Berndt, Stephan"]
[Result "1/2-1/2"]
[WhiteElo "2274"]
[BlackElo "2442"]
[PlyCount "123"]
[EventDate "2010.??.??"]

1. e4 c5 2. Nf3 d6 3. d4 cxd4 4. Nxd4 Nf6 5. Nc3 g6 6. Be3 Bg7 7. f3 O-O 8. Qd2
Nc6 9. Bc4 Bd7 10. Bb3 Rc8 11. O-O-O Nxd4 12. Bxd4 b5 13. h4 a5 14. h5 a4 15.
Bxf6 exf6 16. Bd5 a3 17. hxg6 hxg6 18. Rh2 f5 19. e5 dxe5 20. Bb7 Be6 21. Bxc8
Qxd2+ 22. Rxd2 Rxc8 23. Nd1 axb2+ 24. Nxb2 e4 25. f4 Bc3 26. Rd6 e3 27. g3 Ra8
28. Nd1 Be1 29. Rg2 Bd2+ 30. Rgxd2 exd2+ 31. Kxd2 Rxa2 32. Rb6 Bc4 33. Ne3 Ra3
34. Rc6 Be6 35. Rb6 Ra5 36. Kd3 Kg7 37. Kd4 Ra4+ 38. Kd3 Rb4 39. c3 Rb2 40. Rb8
Bc4+ 41. Kd4 Rd2+ 42. Kc5 Be2 43. Re8 Rb2 44. Nd5 Bc4 45. Re3 Rb3 46. Nc7 Rb1
47. Ne8+ Kh6 48. Nd6 Kh5 49. Nxc4 bxc4 50. Kxc4 Kg4 51. Kd5 f6 52. c4 g5 53.
Rc3 gxf4 54. gxf4 Kxf4 55. c5 Kg4 56. c6 Rb8 57. c7 Rc8 58. Ke6 f4 59. Kd7
Rxc7+ 60. Rxc7 f3 61. Ke6 f2 62. Rc1 1/2-1/2

[Event "BL 0910 Erfurter SK - Schachfr. Berlin"]
[Site "?"]
[Date "2010.04.10"]
[Round "14.7"]
[White "Thiede, Lars"]
[Black "Troyke, Christian"]
[Result "0-1"]
[WhiteElo "2450"]
[BlackElo "2350"]
[PlyCount "66"]
[EventDate "2010.??.??"]

1. c4 b6 2. Nc3 c5 3. g3 Bb7 4. e4 Nc6 5. Bg2 e6 6. Nge2 h5 7. d3 h4 8. f4 Be7
9. O-O Nh6 10. a3 d6 11. Bd2 Qd7 12. Bf3 hxg3 13. Nxg3 Nd4 14. Bg2 O-O-O 15. b4
f5 16. a4 cxb4 17. Nb5 Nxb5 18. axb5 d5 19. cxd5 Bc5+ 20. Kh1 Ng4 21. h3 Rh4
22. Bxb4 Bxb4 23. Rxa7 Rdh8 24. Qa4 Ba5 25. Rxa5 bxa5 26. Rc1+ Kb8 27. Qxa5 Rc8
28. Ra1 Rc2 29. Qa7+ Kc8 30. Qa3 Rh8 31. b6 Qb5 32. Qe7 Rxh3+ 33. Bxh3 Rh2+ 0-1

[Event "BL 0910 Erfurter SK - Schachfr. Berlin"]
[Site "?"]
[Date "2010.04.10"]
[Round "14.8"]
[White "Schuetze, Norman"]
[Black "Abel, Dennes"]
[Result "0-1"]
[WhiteElo "2278"]
[BlackElo "2380"]
[PlyCount "110"]
[EventDate "2010.??.??"]

1. e4 c5 2. Nf3 Nc6 3. d4 cxd4 4. Nxd4 Nf6 5. Nc3 e5 6. Ndb5 d6 7. Bg5 a6 8.
Na3 b5 9. Bxf6 gxf6 10. Nd5 f5 11. c3 Bg7 12. exf5 Bxf5 13. Nc2 O-O 14. Nce3
Be6 15. Bd3 f5 16. O-O Kh8 17. Qh5 e4 18. Bc2 Ne7 19. Rad1 Nxd5 20. Nxd5 Be5
21. f4 Bg7 22. Qh3 Qc8 23. Kh1 Rb8 24. Qe3 Qb7 25. Bb3 a5 26. a3 Qf7 27. Rd2
Rfc8 28. Rfd1 Rc5 29. Ba2 Rcc8 30. Qe2 h6 31. Bb1 Rc5 32. Ne3 b4 33. cxb4 axb4
34. Rxd6 b3 35. g4 fxg4 36. Bxe4 Re8 37. Qf2 Rc7 38. Rd8 Rc8 39. Rxc8 Bxc8 40.
Bd5 Qh5 41. Bxb3 Qc5 42. Qg3 Qxe3 43. Qxe3 Bb7+ 44. Kg1 Rxe3 45. Rd8+ Kh7 46.
Bg8+ Kg6 47. Rd6+ Bf6 48. Rd7 Re7 49. Rxe7 Bxe7 50. Kf2 Kh5 51. b4 Kh4 52. Bc4
Bd6 53. Ke3 Kh3 54. Be6 h5 55. Bf7 Kxh2 0-1

[Event "BL 0910 Bayern München - SK König Tegel"]
[Site "?"]
[Date "2010.04.10"]
[Round "14.1"]
[White "Rabiega, Robert"]
[Black "Bezold, Michael"]
[Result "1/2-1/2"]
[WhiteElo "2531"]
[BlackElo "2517"]
[PlyCount "42"]
[EventDate "2010.??.??"]

1. e4 d6 2. d4 Nf6 3. Bd3 e5 4. c3 Nc6 5. Nf3 Bg4 6. dxe5 Nxe5 7. Be2 Bxf3 8.
Bxf3 Be7 9. O-O O-O 10. Bf4 c6 11. Nd2 Re8 12. Bxe5 dxe5 13. Nc4 Qc7 14. a4 a5
15. Qe2 Bc5 16. Rfd1 Rad8 17. g3 g6 18. Kg2 Kg7 19. h3 h6 20. Kf1 Kh7 21. Kg2
Kg7 1/2-1/2

[Event "BL 0910 Bayern München - SK König Tegel"]
[Site "?"]
[Date "2010.04.10"]
[Round "14.2"]
[White "Bromberger, Stefan"]
[Black "Stern, Rene"]
[Result "1/2-1/2"]
[WhiteElo "2518"]
[BlackElo "2501"]
[PlyCount "43"]
[EventDate "2010.??.??"]

1. e4 e5 2. Nf3 Nc6 3. Bb5 a6 4. Ba4 Nf6 5. O-O Be7 6. Re1 b5 7. Bb3 d6 8. c3
O-O 9. h3 Nb8 10. d4 Nbd7 11. Nbd2 Bb7 12. Bc2 c5 13. a4 cxd4 14. cxd4 exd4 15.
Nxd4 Qb6 16. Nf5 Rfe8 17. Nb3 Bf8 18. Be3 Qc7 19. axb5 axb5 20. Rc1 Qb8 21. Bd4
g6 22. Ng3 1/2-1/2

[Event "BL 0910 Bayern München - SK König Tegel"]
[Site "?"]
[Date "2010.04.10"]
[Round "14.4"]
[White "Belezky, Alexander"]
[Black "Von Herman, Ulf"]
[Result "0-1"]
[WhiteElo "2463"]
[BlackElo "2424"]
[PlyCount "140"]
[EventDate "2010.??.??"]

1. e4 c5 2. c3 d5 3. exd5 Qxd5 4. d4 Nf6 5. Nf3 e6 6. Be2 Nc6 7. O-O cxd4 8.
cxd4 Be7 9. Nc3 Qd6 10. Nb5 Qd8 11. Bf4 Nd5 12. Bg3 O-O 13. Rc1 a6 14. Nc3 Bf6
15. Qd2 Nce7 16. Rfd1 Bd7 17. Ne4 Nf5 18. Ne5 Bb5 19. Bf3 Be7 20. Nc3 Bg5 21.
Qc2 Bxc1 22. Nxd5 exd5 23. Qxc1 Rc8 24. Qb1 Nxg3 25. hxg3 Qd6 26. Ng4 Ba4 27.
b3 Bd7 28. Ne3 Be6 29. g4 Rc7 30. g3 Rfc8 31. Kg2 g6 32. Rh1 a5 33. Qe1 Qb4 34.
Qxb4 axb4 35. Bxd5 Ra8 36. Be4 Rxa2 37. d5 Bd7 38. d6 Rc8 39. Bxb7 Rb8 40. Bd5
Rd2 41. Rc1 Re8 42. Rc7 Rxe3 43. Rxd7 Ree2 44. Bxf7+ Kf8 45. Bc4 Rxf2+ 46. Kg1
Rg2+ 47. Kf1 Rh2 48. Kg1 Rdg2+ 49. Kf1 Ra2 50. Kg1 Rag2+ 51. Kf1 Rb2 52. Kg1
Rhd2 53. Rd8+ Kg7 54. Rb8 Rxd6 55. Rxb4 Rd1+ 56. Bf1 Rbb1 57. Rf4 Rxb3 58. Kf2
Rd2+ 59. Be2 Rbb2 60. Re4 Kf6 61. Kf3 Rxe2 62. Rxe2 Rxe2 63. Kxe2 Kg5 64. Kf3
h6 65. Kf2 Kxg4 66. Kg2 g5 67. Kh2 Kf3 68. Kh3 g4+ 69. Kh4 h5 70. Kxh5 Kxg3 0-1

[Event "BL 0910 Bayern München - SK König Tegel"]
[Site "?"]
[Date "2010.04.10"]
[Round "14.5"]
[White "Muse, Drazen"]
[Black "Meissner, Bernd"]
[Result "1/2-1/2"]
[WhiteElo "2367"]
[BlackElo "2410"]
[PlyCount "96"]
[EventDate "2010.??.??"]

1. d4 Nf6 2. Nf3 g6 3. Bf4 Bg7 4. e3 O-O 5. h3 d6 6. c3 c5 7. Be2 Be6 8. O-O
Qb6 9. Qd2 Nc6 10. Na3 d5 11. Ng5 Bf5 12. Nb5 c4 13. Na3 h6 14. Nf3 Ne4 15. Qc1
Qa5 16. g4 Bd7 17. Nd2 Nxd2 18. Qxd2 f5 19. Bg3 b5 20. Nc2 Qb6 21. Bf3 e6 22.
gxf5 gxf5 23. b3 Na5 24. Rfb1 Rac8 25. Ne1 Kh7 26. Kh2 Nb7 27. bxc4 dxc4 28.
Qb2 Nd6 29. a4 a6 30. a5 Qc7 31. Qb4 f4 32. Bxf4 Rxf4 33. exf4 Nf5 34. Ng2 Bf8
35. Qb2 Bd6 36. Qd2 Kh8 37. Re1 Nh4 38. Qe2 Bxf4+ 39. Kh1 Nxf3 40. Qxf3 Bc6 41.
Re4 Rf8 42. Qe2 Qb7 43. f3 Bxe4 44. fxe4 Qg7 45. Nxf4 Rxf4 46. Qh5 Qg5 47. Qe8+
Qg8 48. Qh5 Qg5 1/2-1/2

[Event "BL 0910 Bayern München - SK König Tegel"]
[Site "?"]
[Date "2010.04.10"]
[Round "14.6"]
[White "Meister, Peter"]
[Black "Fruebing, Stefan"]
[Result "1-0"]
[WhiteElo "2396"]
[BlackElo "2337"]
[PlyCount "69"]
[EventDate "2010.??.??"]

1. d4 Nf6 2. c4 g6 3. Nc3 Bg7 4. e4 d6 5. Bg5 h6 6. Be3 Ng4 7. Bc1 Nf6 8. f3
O-O 9. Be3 e5 10. d5 Nh5 11. Qd2 f5 12. exf5 gxf5 13. O-O-O Qf6 14. Bd3 Na6 15.
Nge2 Bd7 16. Ng3 Qg6 17. Nxh5 Qxh5 18. Rdg1 Rf7 19. g4 fxg4 20. fxg4 Bxg4 21.
h3 Bf5 22. Be2 Qh4 23. Bxh6 Nc5 24. Qg5 Qf4+ 25. Qxf4 exf4 26. Rg5 Kh7 27. Bxg7
Rg8 28. b4 Nd3+ 29. Kd2 Nf2 30. Rxf5 Rxf5 31. Rf1 Rxg7 32. Rxf2 Kh6 33. Bg4 Rf8
34. Ne2 Kg5 35. Nd4 1-0

[Event "BL 0910 Bayern München - SK König Tegel"]
[Site "?"]
[Date "2010.04.10"]
[Round "14.7"]
[White "Sarbok, Torsten"]
[Black "Reich, Thomas"]
[Result "0-1"]
[WhiteElo "2319"]
[BlackElo "2368"]
[PlyCount "88"]
[EventDate "2010.??.??"]

1. e4 c5 2. Nf3 g6 3. Bc4 Bg7 4. O-O Nc6 5. Re1 e6 6. Nc3 Nge7 7. d3 d6 8. Bf4
h6 9. h3 e5 10. Bd2 O-O 11. Nd5 Be6 12. Nxe7+ Qxe7 13. Bxe6 Qxe6 14. Nh2 f5 15.
exf5 gxf5 16. c3 Rf7 17. Qb3 Qxb3 18. axb3 d5 19. Be3 b6 20. f3 Rd8 21. Bf2 Bf6
22. Nf1 Kh7 23. Ra4 a5 24. Raa1 d4 25. c4 Rg8 26. g3 h5 27. Re2 Nb4 28. Rd1 Rg6
29. Kh2 Bg7 30. Be1 Nc6 31. Bd2 Bh6 32. Be1 Re7 33. Bf2 Rge6 34. Kg2 Kg6 35. g4
hxg4 36. hxg4 fxg4 37. Ng3 gxf3+ 38. Kxf3 Rf7+ 39. Kg2 Bf4 40. Ne4 Kf5 41. Rh1
Rg6+ 42. Kf1 Nb4 43. Rh3 Ke6 44. Ke1 Rh6 0-1

[Event "BL 0910 Bayern München - SK König Tegel"]
[Site "?"]
[Date "2010.04.10"]
[Round "14.8"]
[White "Jorczik, Julian"]
[Black "Kachibadze, Georg"]
[Result "1/2-1/2"]
[WhiteElo "2374"]
[BlackElo "2239"]
[PlyCount "138"]
[EventDate "2010.??.??"]

1. d4 Nf6 2. c4 e6 3. Nf3 Bb4+ 4. Nbd2 b6 5. a3 Bxd2+ 6. Bxd2 h6 7. g3 Bb7 8.
Bg2 O-O 9. O-O d6 10. b4 Nbd7 11. Re1 Be4 12. Bc3 Qe7 13. Bf1 c5 14. dxc5 bxc5
15. Nd2 e5 16. f3 Bb7 17. e4 Ne8 18. Bh3 Nc7 19. Nf1 Ne6 20. Ne3 Nd4 21. Bxd4
cxd4 22. Nf5 Qf6 23. Nxg7 Qxg7 24. Bxd7 Rad8 25. Bf5 Bc8 26. Qd3 Bxf5 27. exf5
d5 28. cxd5 Rxd5 29. Rac1 Qf6 30. Rc2 Rfd8 31. Rec1 Qg5 32. Re1 h5 33. Kf2 R8d6
34. Rc8+ Kg7 35. h4 Qh6 36. Kg2 Rc6 37. Rxc6 Qxc6 38. Re2 Qc3 39. Qxc3 dxc3 40.
Kf2 Kf6 41. Ke3 a5 42. Rc2 axb4 43. axb4 Rb5 44. Rxc3 Rxb4 45. Rc6+ Kxf5 46.
Rh6 Rb3+ 47. Kf2 Rb2+ 48. Kf1 f6 49. Rxh5+ Kg6 50. g4 e4 51. fxe4 Rb4 52. Kf2
Rxe4 53. Kf3 Ra4 54. Rf5 Ra3+ 55. Kf4 Ra4+ 56. Kg3 Ra3+ 57. Rf3 Ra4 58. h5+ Kg7
59. Rf4 Ra3+ 60. Kh4 Ra1 61. Rb4 Rh1+ 62. Kg3 f5 63. Rb7+ Kf6 64. Rb6+ Kf7 65.
g5 Rxh5 66. Kf4 Rh1 67. Rb7+ Kg6 68. Rb6+ Kg7 69. g6 Rf1+ 1/2-1/2

[Event "BL 0910 SC Eppingen - SV Wattenscheid"]
[Site "?"]
[Date "2010.04.10"]
[Round "14.2"]
[White "Postny, Evgeny"]
[Black "Czarnota, Pawel"]
[Result "1-0"]
[WhiteElo "2651"]
[BlackElo "2537"]
[PlyCount "109"]
[EventDate "2010.??.??"]

1. d4 Nf6 2. c4 g6 3. Nc3 Bg7 4. e4 d6 5. f3 O-O 6. Be3 a6 7. Nge2 Nbd7 8. Qd2
c5 9. Rd1 b6 10. Nc1 cxd4 11. Bxd4 Bb7 12. Be2 Rc8 13. O-O Qc7 14. Nb3 e6 15.
Be3 Ne8 16. Rc1 Nc5 17. Nd4 Nf6 18. b4 Ncd7 19. Nb3 Rfe8 20. Rfd1 Bf8 21. a3
Qb8 22. Bf1 Be7 23. Kh1 Bd8 24. Bf4 Ne5 25. Bxe5 dxe5 26. c5 Bc7 27. c6 Bxc6
28. Bxa6 Rcd8 29. Qc2 Bb7 30. Bxb7 Qxb7 31. Nb5 Rxd1+ 32. Rxd1 Rd8 33. a4 Ne8
34. Rxd8 Bxd8 35. Nc1 Qd7 36. Qd3 Qc8 37. Qc3 Qxc3 38. Nxc3 Nd6 39. Kg1 Nc4 40.
Kf2 Be7 41. N1a2 f5 42. Ke2 Kf7 43. Nd1 Ke8 44. Kd3 Nd6 45. Nb2 Kd7 46. Nc4
Nxc4 47. Kxc4 Kc6 48. Nc1 Bd8 49. Nd3 Bc7 50. g4 Bb8 51. Nb2 Bc7 52. Kc3 Bb8
53. b5+ Kb7 54. Nc4 Bc7 55. Kb4 1-0

[Event "BL 0910 SC Eppingen - SV Wattenscheid"]
[Site "?"]
[Date "2010.04.10"]
[Round "14.3"]
[White "Johannessen, Leif Erlend"]
[Black "Braun, Arik"]
[Result "0-1"]
[WhiteElo "2532"]
[BlackElo "2519"]
[PlyCount "82"]
[EventDate "2010.??.??"]

1. d4 d5 2. c4 dxc4 3. Nf3 c6 4. a4 Nf6 5. Nc3 e6 6. e3 c5 7. Bxc4 Nc6 8. O-O
Be7 9. Qe2 O-O 10. dxc5 Bxc5 11. Rd1 Qc7 12. h3 b6 13. e4 Ne5 14. Bb3 Bb7 15.
Bf4 Nxf3+ 16. Qxf3 Qe7 17. Qe2 Bb4 18. Bc2 Rfd8 19. e5 Bxc3 20. bxc3 Nd5 21.
Bd2 Rac8 22. c4 Nb4 23. Be4 Bxe4 24. Qxe4 Nc6 25. Be3 Na5 26. Rxd8+ Qxd8 27.
Rc1 g6 28. Kh2 Nb3 29. Rc3 Nc5 30. Bxc5 Rxc5 31. f4 Kg7 32. Rd3 Qc8 33. Rd4 Qc6
34. Qc2 Ra5 35. Qf2 Qc5 36. Qd2 Rxa4 37. Rd7 Ra1 38. Rd4 a5 39. Qb2 Rb1 40. Qd2
a4 41. Rd7 h5 0-1

[Event "BL 0910 SC Eppingen - SV Wattenscheid"]
[Site "?"]
[Date "2010.04.10"]
[Round "14.4"]
[White "Medvegy, Zoltan"]
[Black "Appel, Ralf"]
[Result "1-0"]
[WhiteElo "2556"]
[BlackElo "2551"]
[PlyCount "121"]
[EventDate "2010.??.??"]

1. d4 Nf6 2. c4 e5 3. dxe5 Ng4 4. Bf4 Nc6 5. Nf3 Bb4+ 6. Nbd2 Qe7 7. e3 Ngxe5
8. Nxe5 Nxe5 9. Be2 a5 10. a3 Bxd2+ 11. Qxd2 d6 12. Rc1 Ng6 13. Bg3 h5 14. h3
h4 15. Bh2 Bf5 16. O-O O-O 17. c5 dxc5 18. Qd5 Be4 19. Qxc5 Qxc5 20. Rxc5 c6
21. Rd1 Bd5 22. Rd4 Bb3 23. Bd3 Ne7 24. Bd6 Rfe8 25. Bxe7 Rxe7 26. Rxh4 g6 27.
Rd4 Rc8 28. Rxa5 c5 29. Re4 Rd7 30. Bc4 b6 31. Ra6 Bc2 32. Rf4 Rb8 33. a4 Kg7
34. h4 f5 35. Kh2 Rh8 36. Kg3 g5 37. hxg5 Rh5 38. Rxb6 Rxg5+ 39. Kh2 Rh5+ 40.
Kg3 Rg5+ 41. Kh3 Rd1 42. g4 Rg1 43. Kh2 R5xg4 44. Rxg4+ Rxg4 45. b3 Be4 46. f4
Rh4+ 47. Kg3 Rg4+ 48. Kh3 Rg1 49. Rb5 Re1 50. Rxc5 Rxe3+ 51. Kh2 Rf3 52. a5
Rxf4 53. a6 Rf2+ 54. Kg1 Rb2 55. Re5 Kf6 56. Re6+ Kg5 57. a7 Bf3 58. Re2 Rb1+
59. Kf2 Kf4 60. Ra2 Ba8 61. Bf1 1-0